Geopolitické reflexie v kontexte európskej integrácie I

Flexibilná integrácia v EÚ - endogénna a exogénna. Vymedzenie pojmu geopolitika. Historické vymedzenie pojmu geopolitika.

Guardado en:
Detalles Bibliográficos
Autor principal: Čiderová, Denisa, 1977-
Otros Autores: Repášová, Vladimíra
Formato: Capítulo de libro
Lenguaje:eslovaco
Materias:
Etiquetas: Agregar Etiqueta
Sin Etiquetas, Sea el primero en etiquetar este registro!

MARC

LEADER 00000nla$a2200000$$$4500
001 0130061
005 20240502072504.7
041 0 |a slo 
044 |a SK 
245 1 0 |a Geopolitické reflexie v kontexte európskej integrácie I  |c Denisa Čiderová, Vladimíra Repášová 
520 |a Flexibilná integrácia v EÚ - endogénna a exogénna. Vymedzenie pojmu geopolitika. Historické vymedzenie pojmu geopolitika. 
610 2 0 |a Európska únia 
610 2 0 |a integrácia 
610 2 0 |a integrácia ekonomická medzinárodná 
610 2 0 |a geopolitika 
610 2 0 |a pojmy 
100 1 |a Čiderová, Denisa, 1977- 
700 1 |a Repášová, Vladimíra